Moderne Länder des Heiligen Römischen Reichs auf einer Karte - Statistiken

Allgemein
  • Dieses Quiz wurde 14.081 mal gespielt
  • Das Durchschnittsergebnis liegt bei 16 aus 17
Antworten auf der Karte
Die Antworten werden auf der Karte rot bzw. grün angezeigt, abhängig davon wie oft sie richtig erraten wurden.
 
Antwortstatistiken
Land % Korrekt
Deutschland
100%
Italien
100%
Belgien
99%
Frankreich
99%
Niederlande
99%
Österreich
99%
Polen
99%
Schweiz
99%
Luxemburg
98%
Tschechien
98%
Liechtenstein
95%
Vatikanstadt
94%
Slowenien
93%
Kroatien
92%
Monaco
92%
San Marino
91%
Russland
90%
Keine übereinstimmenden Quizze gefunden
Verteilung der Resultate
Anzahl Personen mit jedem Resultat
Perzentil nach korrekt beantworteten Fragen
Ihre Resultats-Entwicklung
Sie haben dieses Quiz noch nicht gespielt